Algunas características sociales de la zona oriental del proyecto de riego Arenal-Tempisque

Furkejuvvon:
Bibliográfalaš dieđut
Váldodahkki: Brealey J, Ana Mercedes
Materiálatiipa: Texto
Almmustuhtton: San José: Casa Presidencial. Oficina de Información
Fáddágilkorat: Lasit fáddágilkoriid
Eai fáddágilkorat, Lasit vuosttaš fáddágilkora!

MARC

LEADER 00000 a a2200000 04500
001 15352
003
040
090 |a 023900  
100 |a Brealey J, Ana Mercedes  
245 |a Algunas características sociales de la zona oriental del proyecto de riego Arenal-Tempisque  
260 |a San José:   |b Casa Presidencial. Oficina de Información  
300 |a 190 p.  
999 |c 2769  |d 2769